Introduction to History of science in India / (Record no. 145541)

MARC details
000 -LEADER
fixed length control field 00506nam a22001697a 4500
005 - DATE AND TIME OF LATEST TRANSACTION
control field 20170926141246.0
010 ## - LCCN (DPL NO)
LC control number ENG-120727
020 ## - INTERNATIONAL STANDARD BOOK NUMBER
International Standard Book Number 9789381325216
Terms of availability 150.00
035 ## - SYSTEM CONTROL NUMBER
System control number EN-104259
037 ## - SOURCE OF ACQUISITION
Source of stock number/acquisition DBAD/PUB
082 ## - DEWEY DECIMAL CLASSIFICATION NUMBER
Classification number 509.54
245 ## - TITLE STATEMENT
Title Introduction to History of science in India /
260 ## - PUBLICATION, DISTRIBUTION, ETC. (IMPRINT)
Place of publication, distribution, etc Kolkata
Name of publisher, distributor, etc The Ramakrishna Mission Institute of Culture
Date of publication, distribution, etc 2013
270 ## - ADDRESS
Address Gol Park
City Kolkata
Postal code 700029
300 ## - PHYSICAL DESCRIPTION
Extent ix,218p.:
Dimensions 25cm(Hb)
Other physical details ill.
942 ## - ADDED ENTRY ELEMENTS (KOHA)
Source of classification or shelving scheme Dewey Decimal Classification
Item type English Books
Classification part 509.54
Call number suffix INT
Holdings
Withdrawn status Lost status Not for loan Collection code Home library Current library Date acquired Source of acquisition Cost, normal purchase price Full call number Barcode Copy number Cost, replacement price Koha item type
    Not For Loan Non-fiction D.B.Act.Division Bawana 26/09/2017 DBAD/PUB 150.00 509.54 INT EN-104259 1 150.00 English Books

© Delhi Public Library
Hit Counter
free hit counter